=LDR 00000nam 2200000 4500 =001 INLIS000000000051906 =005 20180111013836 =035 ##$$a 0010-0118000094 =007 ta =008 180111###########################0###### =020 ##$$a 978 - 602 - 7869 - 76 - 9 =082 ##$$a 610.284 =084 ##$$a 610.284 SUG i =100 #$$a Sugondo Hadiyoso =245 1#$$a Instrumentasi biomedis berbasis PC /$c Sugondo Hadiyoso =260 ##$$a Yogyakarta :$b Gava Media,$c 2015 =300 ##$$a xii,204 hlm. : $b Ilus ; $c 23 cm. =650 ##$$a Instrumentasi Biomedis =700 #$$a Achmad Rizal =990 ##$$a 04980498 =990 ##$$a 04980498 =990 ##$$a 04980498 =990 ##$$a 04980498 =990 ##$$a 04980498 =990 ##$$a 21705866 =990 ##$$a 01201800498 =990 ##$$a 01201800499 =990 ##$$a 01201800500 =990 ##$$a 01201800501 =990 ##$$a 21705867 =990 ##$$a 01201800498 =990 ##$$a 01201800499 =990 ##$$a 01201800500 =990 ##$$a 21705866 =990 ##$$a 21705868 =990 ##$$a 01201800498 =990 ##$$a 01201800499 =990 ##$$a 21705867 =990 ##$$a 21705866 =990 ##$$a 21705869 =990 ##$$a 01201800498 =990 ##$$a 21705868 =990 ##$$a 21705867 =990 ##$$a 21705866 =990 ##$$a 21705870 =990 ##$$a 21705869 =990 ##$$a 21705868 =990 ##$$a 21705867 =990 ##$$a 21705866